000 00389nam a2200181Ia 4500
001 7525
005 20260306160501.0
008 260306t2012||||xx |||||||||||||| ||spa||
041 _aESP
082 _a339
_bW57
100 _aWilliamson, Stephen D.
_eAUT
245 0 _aMacroeconomía
260 _c2012
300 _a
_c
650 _aGEN
654 _aCAN
942 _cLIB
_dJUS
_fJUS
_2ddc
_n
999 _c7525
_d7525